Normal view
MARC view
- MICROSOFT ACCESS 2000-DEVELOPERS HANDBOOK
Entry Topical Term
001 - CONTROL NUMBER
- control field: 80585
003 - CONTROL NUMBER IDENTIFIER
- control field: NUST
005 - DATE AND TIME OF LATEST TRANSACTION
- control field: 20210628210707.0
008 - FIXED-LENGTH DATA ELEMENTS
- fixed length control field: 210628|| aca||aabn | a|a d
040 ## - CATALOGING SOURCE
- Original cataloging agency: NUST
- Transcribing agency: NUST
150 ## - HEADING--TOPICAL TERM
- Topical term or geographic name entry element: MICROSOFT ACCESS 2000-DEVELOPERS HANDBOOK
670 ## - SOURCE DATA FOUND
- Source citation: Work cat.: (NUST): Gilbert, Mike Getz, Ken Litwin, Paul 80584, Access 2000 developer's handbook volume:2 enterprise edition, 2000
